[Event "Dulles Skyline op-B"]
[Site "Dulles"]
[Date "2022.10.10"]
[Round "5"]
[White "Ammasani, Smayan"]
[Black "Steincamp, Isaac K"]
[Result "0-1"]
[WhiteElo "1521"]
[BlackElo "1910"]
[PlyCount "74"]
[EventDate "2022.10.08"]
[EventType "swiss"]
[EventRounds "6"]
[EventCountry "USA"]
[SourceTitle "CBM 210 Extra"]
[Source "ChessBase"]
[SourceDate "2022.11.30"]
[SourceVersion "1"]
[SourceVersionDate "2022.11.30"]
[SourceQuality "1"]

1. e4 c5 2. Nf3 g6 3. d4 cxd4 4. Nxd4 Nc6 5. c4 Bg7 6. Be3 Qb6 7. Nb3 Qd8 8. Nd4 Nf6 9. Nc3 d6 10. Be2 0-0 11. 0-0 Bd7 12. Qd2 Nxd4 13. Bxd4 Bc6 14. f3 a5 15. b3 Nd7 16. Be3 Nc5 17. Rfc1 e6 18. Rc2 Be5 19. Bf1 f5 20. exf5 gxf5 21. Qf2 b6 22. Rd1 Qe8 23. Bh6 Qh5 24. f4 Bxc3 25. Qg3+ Kf7 26. Qxc3 Qxh6 27. Qd4 Rad8 28. Rcc1 Rg8 29. Qf2 Qf6 30. Be2 Rxg2+ 31. Qxg2 Bxg2 32. Kxg2 Rg8+ 33. Kf2 Qh4+ 34. Kf1 Qh3+ 35. Kf2 Ne4+ 36. Ke1 Rg1+ 37. Bf1 Qe3# 0-1

[Event "Dulles Skyline op-B"]
[Site "Dulles"]
[Date "2022.10.09"]
[Round "3"]
[White "Pius, Kebish"]
[Black "Steincamp, Isaac K"]
[Result "1/2-1/2"]
[WhiteElo "1436"]
[BlackElo "1910"]
[PlyCount "140"]
[EventDate "2022.10.08"]
[EventType "swiss"]
[EventRounds "6"]
[EventCountry "USA"]
[SourceTitle "CBM 210 Extra"]
[Source "ChessBase"]
[SourceDate "2022.11.30"]
[SourceVersion "1"]
[SourceVersionDate "2022.11.30"]
[SourceQuality "1"]

1. e4 c5 2. Nf3 g6 3. d4 cxd4 4. Nxd4 Nc6 5. Be3 Bg7 6. c3 Nf6 7. Nd2 0-0 8. Be2 d5 9. Nxc6 bxc6 10. e5 Nd7 11. f4 f6 12. exf6 Bh6 13. 0-0 e5 14. Kh1 Rxf6 15. fxe5 Rxf1+ 16. Nxf1 Bg7 17. e6 Nf8 18. Qa4 Bxe6 19. Qxc6 Rb8 20. Ng3 Rxb2 21. Rf1 Qc8 22. Qxc8 Bxc8 23. Bf3 Be6 24. Bxa7 Bxc3 25. a3 Rb7 26. Ne2 Rxa7 27. Nxc3 Rxa3 28. Rc1 Kg7 29. Kg1 Rb3 30. Ne2 Kf6 31. Nd4 Rd3 32. Nc6 Nd7 33. Rf1 Kg7 34. Nd8 Bf5 35. Re1 Kf6 36. Nc6 d4 37. Kf2 Rd2+ 38. Re2 Rxe2+ 39. Kxe2 d3+ 40. Kd2 Ne5 41. Nb4 Kg5 42. Bb7 Kf4 43. Ba6 Be4 44. Nxd3+ Nxd3 45. Bxd3 Bxg2 46. Ke2 Kg4 47. Kf2 Kh3 48. Kg1 Bd5 49. Bc2 Bf7 50. Ba4 Be6 51. Bc6 g5 52. Be4 h6 53. Bg6 Kg4 54. Kg2 Bd5+ 55. Kg1 h5 56. Be8 Be6 57. Bb5 h4 58. Bc6 Kf4 59. Bb7 Bf5 60. Bc6 Be4 61. Bb5 Ba8 62. Ba6 Bc6 63. Bc4 Be4 64. Ba6 Bf3 65. Bb5 Ba8 66. Ba6 Bd5 67. Bb5 g4 68. Bf1 g3 69. hxg3+ Kxg3 70. Bg2 Bxg2 1/2-1/2

[Event "Eastern op 46th"]
[Site "Tysons"]
[Date "2019.12.28"]
[Round "2"]
[White "Steincamp, Isaac K"]
[Black "Siamon, David"]
[Result "1/2-1/2"]
[WhiteElo "2011"]
[BlackElo "1994"]
[PlyCount "105"]
[EventDate "2019.12.27"]
[EventType "swiss"]
[EventRounds "7"]
[EventCountry "USA"]
[SourceTitle "CBM 194 Extra"]
[Source "ChessBase"]
[SourceDate "2020.03.31"]
[SourceVersion "1"]
[SourceVersionDate "2020.03.31"]
[SourceQuality "1"]

1. d4 d5 2. Bf4 Nf6 3. Nc3 c5 4. e3 a6 5. Nf3 Bg4 6. Be2 e6 7. h3 Bh5 8. Ne5 Bxe2 9. Nxe2 Nc6 10. c3 Bd6 11. Nxc6 bxc6 12. Qa4 Qd7 13. dxc5 Bxc5 14. Nd4 Bxd4 15. cxd4 c5 16. Qxd7+ Nxd7 17. dxc5 Nxc5 18. Ke2 Ke7 19. Rhc1 Rac8 20. Rc2 Nd7 21. Rac1 Rxc2+ 22. Rxc2 e5 23. Bg3 Kd6 24. f3 Nb6 25. Be1 Rc8 26. Rxc8 Nxc8 27. g4 Kc5 28. Kd3 Nd6 29. Bc3 e4+ 30. fxe4 dxe4+ 31. Kc2 g6 32. Bf6 Nc4 33. Bd4+ Kd5 34. b3 Na3+ 35. Kd2 f5 36. gxf5 gxf5 37. Ba7 Nb5 38. Bb8 Nd6 39. Bxd6 Kxd6 40. b4 Kd5 41. Kc3 Ke5 42. a4 f4 43. exf4+ Kxf4 44. Kd2 Ke5 45. Ke3 Kd5 46. h4 Kc4 47. b5 axb5 48. axb5 Kxb5 49. Kxe4 Kc6 50. Ke5 Kd7 51. Kf6 Ke8 52. Kg7 h5 53. Kg6 1/2-1/2

[Event "Eastern op 46th"]
[Site "Tysons"]
[Date "2019.12.28"]
[Round "3"]
[White "Yagiz, Bora"]
[Black "Steincamp, Isaac K"]
[Result "1/2-1/2"]
[WhiteElo "1904"]
[BlackElo "2011"]
[PlyCount "44"]
[EventDate "2019.12.27"]
[EventType "swiss"]
[EventRounds "7"]
[EventCountry "USA"]
[SourceTitle "CBM 194 Extra"]
[Source "ChessBase"]
[SourceDate "2020.03.31"]
[SourceVersion "1"]
[SourceVersionDate "2020.03.31"]
[SourceQuality "1"]

1. e4 c5 2. c4 Nc6 3. Nc3 g6 4. g3 Bg7 5. Bg2 d6 6. Nge2 e6 7. 0-0 Nge7 8. d3 a6 9. Be3 Nd4 10. f4 Rb8 11. a4 Bd7 12. Ra2 Bc6 13. Bf2 Nxe2+ 14. Nxe2 b5 15. cxb5 axb5 16. a5 Ba8 17. Qd2 0-0 18. b4 c4 19. dxc4 bxc4 20. Rb1 Qd7 21. Nd4 Nc6 22. Nxc6 Qxc6 1/2-1/2

[Event "Eastern op 44th"]
[Site "Tysons"]
[Date "2017.12.30"]
[Round "6"]
[White "Samuelson, Andrew"]
[Black "Steincamp, Isaac K"]
[Result "0-1"]
[WhiteElo "2184"]
[BlackElo "2062"]
[PlyCount "120"]
[EventDate "2017.12.27"]
[EventType "swiss"]
[EventRounds "7"]
[EventCountry "USA"]
[SourceTitle "CBM 182 Extra"]
[Source "ChessBase"]
[SourceDate "2018.02.23"]
[SourceVersion "1"]
[SourceVersionDate "2018.02.23"]
[SourceQuality "1"]

1. e4 e5 2. Bc4 Nf6 3. d3 c6 4. Nf3 d5 5. Bb3 Bb4+ 6. c3 Bd6 7. Bg5 dxe4 8. dxe4 Qe7 9. Nbd2 0-0 10. 0-0 a5 11. Re1 Rd8 12. Nf1 Bc5 13. Qc2 Be6 14. Ng3 Bxb3 15. axb3 Qe6 16. b4 Bb6 17. Nf5 Nbd7 18. bxa5 Rxa5 19. Rxa5 Bxa5 20. b4 Bc7 21. c4 Ra8 22. Qd3 Ne8 23. h3 f6 24. Be3 g6 25. Nh6+ Kg7 26. c5 Nf8 27. Bd2 Qa2 28. Ng4 Ra3 29. Bh6+ Kf7 30. Qd1 Ng7 31. Bc1 Ra8 32. Nd2 h5 33. Nh6+ Ke7 34. Qf3 Nfe6 35. Nb3 Rd8 36. g4 Nf4 37. Bxf4 exf4 38. g5 Be5 39. gxf6+ Kxf6 40. Rd1 Rh8 41. Nc1 Qa8 42. Nd3 Qb8 43. Nxe5 Qxe5 44. Rd6+ Ne6 45. Rxe6+ Kxe6 46. Qb3+ Kf6 47. Nf7 Qa1+ 48. Kg2 Rf8 49. Nd6 g5 50. Qf3 Kg6 51. Nxb7 Qd4 52. e5 Qd5 53. Qxd5 cxd5 54. Nd6 f3+ 55. Kf1 Ra8 56. Ke1 g4 57. h4 Ra1+ 58. Kd2 g3 59. e6 g2 60. e7 Ra8 0-1

[Event "Columbus op"]
[Site "Columbus"]
[Date "2017.06.24"]
[Round "3"]
[White "Steincamp, Isaac K"]
[Black "Ramer, Scott Leo"]
[Result "0-1"]
[WhiteElo "2068"]
[BlackElo "2182"]
[PlyCount "60"]
[EventDate "2017.06.23"]
[EventType "swiss"]
[EventRounds "5"]
[EventCountry "USA"]
[SourceTitle "EXT 2023"]
[Source "ChessBase"]
[SourceDate "2022.10.05"]
[SourceVersion "1"]
[SourceVersionDate "2022.10.05"]
[SourceQuality "1"]

1. d4 Nf6 2. Bf4 d5 3. e3 c5 4. c3 Nc6 5. Nd2 e6 6. Bd3 Be7 7. h3 Bd6 8. Bxd6 Qxd6 9. f4 cxd4 10. cxd4 Nb4 11. Bb1 Qa6 12. Qb3 Qa5 13. a3 Nc6 14. Bd3 Ne4 15. Ngf3 Ng3 16. Rg1 h5 17. Kf2 h4 18. Rac1 Qd8 19. Rc3 0-0 20. Bb1 e5 21. Rxc6 bxc6 22. Nxe5 c5 23. dxc5 d4 24. Qd3 dxe3+ 25. Qxe3 Qd5 26. Rc1 Ba6 27. Ndc4 f6 28. Qd3 Qxc5+ 29. Ke1 Qg1+ 30. Kd2 Qf2+ 0-1

[Event "Reykjavik op"]
[Site "Reykjavik"]
[Date "2017.04.25"]
[Round "8"]
[White "Doknjas, Neil"]
[Black "Steincamp, Isaac K"]
[Result "1-0"]
[WhiteElo "1784"]
[BlackElo "2009"]
[PlyCount "77"]
[EventDate "2017.04.19"]
[EventType "swiss"]
[EventRounds "10"]
[EventCountry "ISL"]
[SourceTitle "CBM 178 Extra"]
[Source "ChessBase"]
[SourceDate "2017.06.22"]
[SourceVersion "1"]
[SourceVersionDate "2017.06.22"]
[SourceQuality "1"]

1. e4 c5 2. Nf3 g6 3. d4 cxd4 4. Nxd4 Nc6 5. Nc3 Bg7 6. Be3 Nf6 7. Nxc6 bxc6 8. e5 Ng8 9. Bd4 f6 10. Qe2 fxe5 11. Bxe5 Nf6 12. Qc4 Qa5 13. f4 Bb7 14. 0-0-0 d5 15. Qb3 Qb6 16. Qa3 Qe3+ 17. Kb1 0-0 18. Qxe7 Rf7 19. Qa3 Ng4 20. Bxg7 Kxg7 21. Bd3 Re8 22. Rdf1 c5 23. Nd1 Qe7 24. h3 Nf6 25. b3 d4 26. Rhg1 Nd5 27. f5 Nb4 28. fxg6 Rxf1 29. Rxf1 hxg6 30. Bc4 Bd5 31. Nb2 Bxc4 32. Nxc4 d3 33. Qb2+ Kh7 34. cxd3 Nxd3 35. Qc3 Qe2 36. Rf7+ Kh6 37. Qg7+ Kh5 38. Qh7+ Kg5 39. h4+ 1-0

[Event "Reykjavik op"]
[Site "Reykjavik"]
[Date "2017.04.21"]
[Round "4"]
[White "Sidali, Elias Hulleberg"]
[Black "Steincamp, Isaac K"]
[Result "0-1"]
[WhiteElo "1724"]
[BlackElo "2009"]
[PlyCount "66"]
[EventDate "2017.04.19"]
[EventType "swiss"]
[EventRounds "10"]
[EventCountry "ISL"]
[SourceTitle "CBM 178 Extra"]
[Source "ChessBase"]
[SourceDate "2017.06.22"]
[SourceVersion "1"]
[SourceVersionDate "2017.06.22"]
[SourceQuality "1"]

1. c4 e6 2. d4 d5 3. Nc3 Be7 4. cxd5 exd5 5. Bf4 c6 6. Nf3 Bd6 7. Bxd6 Qxd6 8. e3 Ne7 9. h3 0-0 10. Bd3 Bf5 11. 0-0 Nd7 12. Ne2 Rfe8 13. Nf4 Be4 14. Nd2 Bxd3 15. Nxd3 Ng6 16. Nf3 Nf6 17. Nde5 Ne4 18. Nxg6 Qxg6 19. Ne5 Qe6 20. Qe2 f6 21. Nd3 g5 22. Rfc1 Qf7 23. a4 a5 24. Nc5 Nd6 25. Qg4 Re7 26. h4 h5 27. Qg3 Nf5 28. Qh3 Nxh4 29. g3 Nf3+ 30. Kg2 g4 31. Qh1 Kg7 32. Nd3 Rh8 33. Ne1 Ng5 0-1

[Event "Budapest FS04 FM"]
[Site "Budapest"]
[Date "2017.04.11"]
[Round "10"]
[White "Steincamp, Isaac K"]
[Black "Hradeczky, Tamas"]
[Result "1-0"]
[WhiteElo "2009"]
[BlackElo "2218"]
[PlyCount "121"]
[EventDate "2017.04.01"]
[EventType "tourn"]
[EventRounds "10"]
[EventCountry "HUN"]
[SourceTitle "CBM 177 Extra"]
[Source "ChessBase"]
[SourceDate "2017.04.27"]
[SourceVersion "1"]
[SourceVersionDate "2017.04.27"]
[SourceQuality "1"]

1. d4 Nf6 2. Bf4 c5 3. d5 Qb6 4. Nc3 Qxb2 5. Bd2 Qb6 6. e4 d6 7. f4 Qd8 8. Nf3 Bg4 9. Bc4 Nbd7 10. 0-0 g6 11. Qe2 a6 12. a4 Nb6 13. Ba2 Bg7 14. a5 Nc8 15. e5 Nh5 16. Rab1 0-0 17. Rxb7 Qxa5 18. Bc4 Nxf4 19. Qe4 dxe5 20. Nxe5 Nd6 21. Qxf4 Bxe5 22. Qxe5 Nxc4 23. Qf4 Nxd2 24. Qxd2 Rad8 25. Rf4 h5 26. Rxe7 Rd6 27. Qe3 Qd8 28. Rfxf7 Rxf7 29. Re8+ Rf8 30. Rxd8 Rdxd8 31. h3 Bf5 32. Qxc5 Bxc2 33. d6 Bf5 34. Nd5 Kh7 35. Qa7+ Kh6 36. Qxa6 Be6 37. Nc7 Bf5 38. Qb6 Kh7 39. Qe3 Rf7 40. Qe5 Rfd7 41. Ne8 Rxe8 42. Qxe8 Kg7 43. Qe5+ Kg8 44. Kf2 Rf7 45. Kg3 Bd7 46. Kh4 Kh7 47. g4 hxg4 48. hxg4 Kg8 49. Kg5 Kh7 50. Qh2+ Kg8 51. Qb2 Kh7 52. Qb1 Kg8 53. Qa1 Kh7 54. Qd4 Rf8 55. Qe4 Rg8 56. Qb7 Rg7 57. Kf6 g5 58. Qh1+ Kg8 59. Qh5 Rh7 60. Qg6+ Kh8 61. Qxg5 1-0

[Event "Budapest FS04 FM"]
[Site "Budapest"]
[Date "2017.04.04"]
[Round "4"]
[White "Steincamp, Isaac K"]
[Black "Havaskori, Laszlo"]
[Result "1-0"]
[WhiteElo "2009"]
[BlackElo "1879"]
[PlyCount "79"]
[EventDate "2017.04.01"]
[EventType "tourn"]
[EventRounds "10"]
[EventCountry "HUN"]
[SourceTitle "CBM 177 Extra"]
[Source "ChessBase"]
[SourceDate "2017.04.27"]
[SourceVersion "1"]
[SourceVersionDate "2017.04.27"]
[SourceQuality "1"]

1. c4 Nf6 2. Nc3 e5 3. Nf3 d6 4. g3 g6 5. Bg2 Bg7 6. 0-0 0-0 7. d3 c6 8. Rb1 a5 9. a3 h6 10. b4 axb4 11. axb4 Re8 12. Bb2 Nbd7 13. Nd2 Nf8 14. Ra1 Rxa1 15. Qxa1 d5 16. Qa7 e4 17. Nb3 exd3 18. exd3 dxc4 19. dxc4 Qd3 20. Na5 Qd2 21. Ba1 Re1 22. Nb3 Rxf1+ 23. Bxf1 Qe1 24. Qa2 Ng4 25. Qd2 Ne5 26. Qxe1 Nf3+ 27. Kh1 Nxe1 28. Ne4 b6 29. Bxg7 Kxg7 30. Nd4 Bd7 31. c5 bxc5 32. Nxc5 Ne6 33. Ncxe6+ Bxe6 34. Be2 Bf5 35. f3 Bd3 36. Bxd3 Nxd3 37. Nxc6 Kf6 38. b5 Ke6 39. b6 Nc5 40. Nd8+ 1-0

[Event "Liberec op 17th"]
[Site "Liberec"]
[Date "2017.02.28"]
[Round "5"]
[White "Steincamp, Isaac K"]
[Black "Dzikowski, Michal"]
[Result "0-1"]
[WhiteElo "1882"]
[BlackElo "2086"]
[PlyCount "80"]
[EventDate "2017.02.25"]
[EventType "swiss"]
[EventRounds "9"]
[EventCountry "CZE"]
[SourceTitle "CBM 177 Extra"]
[Source "ChessBase"]
[SourceDate "2017.04.27"]
[SourceVersion "1"]
[SourceVersionDate "2017.04.27"]
[SourceQuality "1"]

1. d4 Nf6 2. Bf4 e6 3. e3 d5 4. Nd2 c5 5. c3 Nc6 6. Ngf3 Bd6 7. Bg3 0-0 8. Bd3 Re8 9. Ne5 Bxe5 10. dxe5 Nd7 11. f4 c4 12. Bc2 Qb6 13. 0-0 Qxb2 14. Rf3 Nf8 15. Be1 Ne7 16. g4 Qa3 17. Rh3 Neg6 18. Nf3 Qc5 19. Bf2 b5 20. Ng5 a5 21. e4 Qc6 22. Qf3 h6 23. exd5 exd5 24. Ne4 dxe4 25. Bxe4 Bxg4 26. Bxc6 Bxf3 27. Bxe8 Bg4 28. Rg3 Rxe8 29. Rxg4 h5 30. Rg5 Nxf4 31. Kf1 N8e6 32. Rg3 Rd8 33. Bb6 Rd2 34. Bxa5 Rxh2 35. a4 h4 36. Rg1 bxa4 37. Rxa4 h3 38. Rxc4 Nd3 39. Rg3 Nef4 40. e6 Rf2+ 0-1